00609nam a2200193 a 4500001001000000003000900010005001700019008003000036020001800066040002500084082002500109100002800134245004700162260006600209300002000275500006900295650002400364650002700388000014661DO-SdBNP20230719101750.0100118s2007 dr 000 p spa d a9945978420166 aDO-SdBNPbspacBPMSU aRD861.44bM971e 2221 aMuñoz, Orlandod1972-10aEntre pétalo y espina /cOrlando Peña. aSanto Domingo :bAngeles de Fierro;bEditora Nacional,c2007. a80 p. ;c17 cm. aIncluye datos biográficos del autor en la solapade la cubierta 4aPoesía dominicana 4aLiteratura dominicana.